Statistics for Trophée des Champions Winners

Click here to take the quiz!

General Stats

  • This quiz has been taken 9 times
  • The average score is 34 of 48

Answer Stats

YearWinner% Correct
2023Paris Saint-Germain
100%
2018Paris Saint-Germain
100%
1998Paris Saint-Germain
100%
1995Paris Saint-Germain
100%
2013Paris Saint-Germain
100%
2014Paris Saint-Germain
100%
2016Paris Saint-Germain
100%
2017Paris Saint-Germain
100%
2015Paris Saint-Germain
100%
2022Paris Saint-Germain
100%
2020Paris Saint-Germain
100%
2019Paris Saint-Germain
100%
2021Lille
89%
2001Nantes
89%
1999Nantes
89%
1965Nantes
89%
2010Marseille
78%
1971Marseille
78%
2011Marseille
78%
1962Saint-Étienne
78%
1967Saint-Étienne
78%
1957Saint-Étienne
78%
1969Saint-Étienne
78%
1968Saint-Étienne
78%
1973Lyon
67%
2012Lyon
67%
2002Lyon
67%
2003Lyon
67%
2004Lyon
67%
2005Lyon
67%
2006Lyon
67%
2007Lyon
67%
2000Monaco
56%
1997Monaco
56%
1985Monaco
56%
1961Monaco
56%
1970Nice
56%
1966Reims
56%
1960Reims
56%
1958Reims
56%
1955Reims
56%
1971Rennes
56%
2009Bordeaux
44%
2008Bordeaux
44%
1986Bordeaux
44%
1972Bastia
11%
1959Le Havre
0%
1956Sedan
0%

Score Distribution

Percentile by Number Answered

Percent of People with Each Score

Your Score History

You have not taken this quiz